Apuntes sobre arquitectura colonial

Đã lưu trong:
Chi tiết về thư mục
Tác giả chính: Dávila, Roberto (Tác giả)
Định dạng: Sách
Ngôn ngữ:Tiếng Tây Ban Nha
Được phát hành: Santiago Universidad de chile 1978
Những chủ đề:
Các nhãn: Thêm thẻ
Không có thẻ, Là người đầu tiên thẻ bản ghi này!

MARC

LEADER 00000nam a2200000 a 4500
001 UCT1734
003 CL-VaPUC
008 961004e19780000CL |||||||||||||||||spa|d
082 0 4 |a 720.983  |b DAV  |2 21 
100 0 |a Dávila, Roberto  |e author  |9 370775 
245 1 0 |a Apuntes sobre arquitectura colonial 
300 |a 273 p 
942 |c BK 
945 |d 19961004 00:00:00  |a rleighto 
260 |a Santiago  |b Universidad de chile  |c 1978 
650 0 |a Arquitectura colonial  |9 266240 
650 7 |a SIGLOS 16-18  |2 CL-VaPUC  |9 315275 
650 0 |a Historia  |9 255047 
650 0 |a Vivienda  |9 258662 
650 0 |a Ciudades  |9 265474 
650 0 |a Arquitectura religiosa  |9 266677 
651 0 |a Hispanoamérica   |9 337366 
583 |a last modification  |c 19961004 00:00:00  |k Rodrigo Vera 
999 |c 252185  |d 252183 
952 |0 0  |1 0  |4 0  |6 720_983000000000000_DAV_1978  |7 0  |8 A  |9 271914  |a BIBARQ  |b BIBARQ  |d 2019-11-19  |i 3235084  |o 720.983 DAV 1978  |p 3235084  |r 2025-01-20  |w 2019-11-19  |y BK  |k ARQ